អ្នកលេងប៉ាហុី / (Record no. 8765)
[ view plain ]
| 000 -LEADER | |
|---|---|
| fixed length control field | 02188nam a22003017a 4500 |
| 001 - CONTROL NUMBER | |
| control field | 8765 |
| 003 - CONTROL NUMBER IDENTIFIER | |
| control field | FISKH |
| 005 - DATE AND TIME OF LATEST TRANSACTION | |
| control field | 20251017150246.0 |
| 008 - FIXED-LENGTH DATA ELEMENTS--GENERAL INFORMATION | |
| fixed length control field | 251017b cb ||||| |||| 00| 0 eng d |
| 020 ## - INTERNATIONAL STANDARD BOOK NUMBER | |
| International Standard Book Number | 9789995001742 |
| 040 ## - CATALOGING SOURCE | |
| Original cataloging agency | FISKH |
| Language of cataloging | khr |
| Transcribing agency | FISKH |
| Modifying agency | FISKH |
| 082 ## - DEWEY DECIMAL CLASSIFICATION NUMBER | |
| Classification number | 895.1 |
| 100 ## - MAIN ENTRY--PERSONAL NAME | |
| Personal name | Ralin, Sok |
| 245 ## - TITLE STATEMENT | |
| Title | អ្នកលេងប៉ាហុី / |
| Statement of responsibility, etc. | អ្នកនិពន្ធ សុខ រ៉ាលីន , អ្នកវាយអត្ថបទ អ្នកស្រី ហាក់ ផាន្នី |
| 260 ## - PUBLICATION, DISTRIBUTION, ETC. | |
| Place of publication, distribution, etc. | ភ្នំពេញ : |
| Name of publisher, distributor, etc. | គ្រឹះស្ថានបោះពុម្ពនិងចែកផ្សាយ , |
| Date of publication, distribution, etc. | 2013. |
| 300 ## - PHYSICAL DESCRIPTION | |
| Extent | 8 pages : |
| Other physical details | color illustrations ; |
| Dimensions | 17*18 cm . |
| 490 ## - SERIES STATEMENT | |
| Series statement | រឿងនិទានអប់រំសម្រាប់កុមារ |
| 505 ## - FORMATTED CONTENTS NOTE | |
| Formatted contents note | L <br/> |
| 520 ## - SUMMARY, ETC. | |
| Summary, etc. | ពូថេននាំចេក និង ចាន់ ដែលពាកូនទៅមើលប៉ាហុី ។ ពេលសម្តែងចប់មកដល់ផ្ទះវិញគេក៏ធ្វើតម្រាប់តាមអ្នកលេងប៉ាហុីនោះរហូតដល់មានគ្រោះថ្នាក់ ។ ពូថេនបាននាំកូនទៅពេទ្យ ពេលមកដល់ផ្ទះវិញ ចាន់បាននិយាយសុំទោសដល់ចេក ហើយក៏សន្យាឈប់លេងផ្តេសផ្តាសទៀតហើយ ។ |
| 520 ## - SUMMARY, ETC. | |
| Summary, etc. | Uncle Then brought Chek and Chan, who are his children, to watch a gambling performance. After the show, when they got home, they started imitating the gambler’s behavior until it led to an accident. Uncle Then took the children to the hospital. When they returned home, Chan apologized to Chek and promised to stop being reckless from then on. |
| 521 8# - TARGET AUDIENCE NOTE | |
| Target audience note | 530 <br/> |
| Source | Lexile estimate <br/> |
| 521 8# - TARGET AUDIENCE NOTE | |
| Target audience note | L <br/> |
| Source | Raz-Plus <br/> |
| 650 ## - SUBJECT ADDED ENTRY--TOPICAL TERM | |
| Topical term or geographic name entry element | អ្នកលេងប៉ាហុី |
| Form subdivision | រឿងនិទានកុមារ |
| 650 ## - SUBJECT ADDED ENTRY--TOPICAL TERM | |
| Topical term or geographic name entry element | The gambler |
| Form subdivision | Children's Stories |
| 700 ## - ADDED ENTRY--PERSONAL NAME | |
| Personal name | Sok Im , Hourl |
| Relator term | Illustrator |
| 942 ## - ADDED ENTRY ELEMENTS (KOHA) | |
| Source of classification or shelving scheme | Dewey Decimal Classification |
| Koha item type | Khmer Books |
| Suppress in OPAC | No |
| Withdrawn status | Lost status | Source of classification or shelving scheme | Damaged status | Not for loan | Collection | Home library | Current library | Shelving location | Date acquired | Total Checkouts | Full call number | Barcode | Date last seen | Copy number | Price effective from | Koha item type |
|---|---|---|---|---|---|---|---|---|---|---|---|---|---|---|---|---|
| Dewey Decimal Classification | Khmer Language Books / សៀវភៅភាសាខ្មែរ | Footprints International School Library Network Toul Tom Poung Campus | Footprints International School Library Network Toul Tom Poung Campus | TTP Primary Khmer Bookshelves | 10/17/2025 | RAL PZ7 398.2 | FIS01569 | 10/17/2025 | 1 | 10/17/2025 | Khmer Books | |||||
| Dewey Decimal Classification | Khmer Language Books / សៀវភៅភាសាខ្មែរ | Footprints International School Library Network Toul Tom Poung Campus | Footprints International School Library Network Toul Tom Poung Campus | TTP Primary Khmer Bookshelves | 12/12/2025 | RAL PZ7 398.2 | 2025-5122 | 12/12/2025 | 2 | 12/12/2025 | Khmer Books |
